000 00416nam a2200169Ia 4500
008 240729s9999 xx 000 0 und d
022 _a2688-4062
245 0 _aSmall Structures
260 _aGermany
260 _bWiley-VCH
650 _a Chemistry
650 _a Physics | Science
650 _aScience
856 _uhttps://doaj.org/toc/f11b7b7de48c46f5ad903caa82b71fcd
942 _2ddc
942 _cDOAJEJ
999 _c69579
_d69579
945 _a1
_bMadushi Gamage
_c1
_dMadushi Gamage